000 00240nam a2200097Ia 4500
008 190216s9999||||xx |||||||||||||| ||und||
100 _aSundaram K P M
245 0 _aText Book Of Economic Theory
260 _bRatan Prakashan Mandir
942 _cBK
999 _c9253
_d9253